Регионална библиотека "Любен Каравелов" - Русе

Никой не иска да знае (Запис номер 178423)

MARC детайли
000 -Лидер
Контролно поле с фиксирана дължина 01522nam a2200373 c 4500
003 - Код на организацията, давaща контролен номер
Контролно поле BLK
005 - Дата и час на последна редакция
Контролно поле 20250428172344.0
008 - Елементи от данни с фиксирана дължина
fixed length control field 180411b bul|||||r ||||||| ||bul||
010 ## - Наследен системен номер
LC control number KNG00187145000
020 ## - Международен стандартен номер на книга ISBN
Международен стандартен номер на книга ISBN 978-619-150-437-4
-- издат.: Колибри
040 ## - Източник на каталожния запис
Идентификатор на билиотеката - собственик на записа BLK
041 ## - Код за език
Код за езика на текст/звукозапис или на отделно заглавие Български
Код за езика КДБФ Български
072 #7 - Код за тематичната категория
Код организация bullib
Код за тематична категория Н8301
Текст Трилъри Н
080 ## - УДК
Текстов определител УДК Испанска литература
УДК код - определител по УДК 821.134.2
УДК определител -312.4
УДК - код + определител 821.134.2-312.4
100 1# - Редна дума - Автор
Автор Хименес Бартлет, Алисия
Авторска отговорност първи автор
R(LIN) 293850
139 ## - Редно поле
Редна дума Хименес Бартлет, Алисия
Авторски знак Хим - Х 50
245 10 - Сведения за заглавието
Заглавие Никой не иска да знае
Подзаглавни данни Роман
Редно поле (дума) Алисия Хименес Бартлет; прев. от исп. Захари Стефанов Омайников.
257 ## - Страна на издаване
Страна на създаване/издаване Испания
260 ## - Област на издателските данни
-- София
Име на издателя, разпространителя и проч. Колибри
Година на издаване 2015
Печатница София : Инвестпрес
300 ## - Физическа характеристика
Страници 406 с.
Размери/Мащаб 20 см
380 ## - Жанр
Жанр Худож. лит.
490 1# - СЕРИИ (Колекции)
Име на серия Съвременни трилъри
500 ## - Общи забележки
Забележка Ориг. загл. Nadie quiere saber / Alicia Gimenez Bartlett. - Съдържа и за авт.
653 ## - Ключова дума – ненормативна
Ключова дума крими
653 ## - Ключова дума – ненормативна
Ключова дума романи
659 ## - Тематичен бюлетин
Тематичен бюлетин Н
700 1# - Други автори (авторска отговорност)
Лично име Омайников, Захари Стефанов
Автороска отговорност (Описва отношението между автора и произведението) прев. от исп.
9 (RLIN) 364697
852 ## - Местоположение
Форматна сигнатура Цб 279993
856 4# - Електронен адрес и достъп
Електронен формат pdf - файл
Път до файла /url/
856 4# - Електронен адрес и достъп
Електронен формат pdf - файл
Път до файла /url/
942 ## - АРТИКУЛИ
Вид на библиотечния материал Книги
Скрит в OPAC Не
Koha issues (borrowed), all copies 16
944 ## - СЪЗДАВАНЕ И РЕДАКЦИЯ на ЗАПИСА
Създаване/Редакция Създаване
Дата на регистрацията/редакция 16.03.2016
Статус, дата на статуса Цветомила Тодорова
Служител, извършил регистрацията/редакцията 30576
944 ## - СЪЗДАВАНЕ И РЕДАКЦИЯ на ЗАПИСА
Създаване/Редакция Редакция
Дата на регистрацията/редакция 09.06.2017
Статус, дата на статуса ф /
Служител, извършил регистрацията/редакцията Людмила_Стоянова
999 ## - СИСТЕМНИ КОНТРОЛНИ НОМЕРА
Koha biblionumber 178423
Koha biblioitemnumber 178423
Наличности
Код за отписване Код за изгубен артикул Източник на класификационната схема Код за повреда Коз за рестрикции Код за отдаване Артикулен № Име на библиотеката - собственик Име на библиотеката, в която се намира в момента Статус (Текущо местоположение) Дата на вписване в системата Местоположение - отдел Цена в лева Инвентарен номер Систематично азбучна сигнатура Баркод Номер на екземпляра Цена в евро Служебна бележка Служебен тип на артикула
  Не е изгубен Universal Decimal Classification Не е повреден без рестрикции заемане за дома 306396 Регионална библиотека "Любен Каравелов" Русе Регионална библиотека "Любен Каравелов" Русе Заемна - подръчен фонд 2016-03-17 Заемна - подръчен фонд 5.00 120000798966 П 821-31/Х 50 120000798966 1 2.56 Дост: Pk Вид: Ф N: 625 Дата: 12.03.2016 Дата инв: 09.02.2018 Бележки инв: П2018 Книги
  Не е изгубен   Не е повреден без рестрикции ползва се в читалня 306397 Регионална библиотека "Любен Каравелов" Русе Регионална библиотека "Любен Каравелов" Русе Хранилище 2016-08-19 Хранилище 16.00 120000802970 Цб 279993 120000802970 2 8.18 Дост: Dp Вид: Д N: 29 Дата: 15.06.2016 Книги
  Не е изгубен   Не е повреден без рестрикции заемане за дома 306398 Регионална библиотека "Любен Каравелов" Русе Регионална библиотека "Любен Каравелов" Русе Заемна - подръчен фонд 2017-05-26 Заемна - подръчен фонд 2.50 120000811517 П 860-31/Х 50 120000811517 3 1.28 Дост: Pk Вид: Ф N: 490 Дата: 26.05.2017 Дата инв: 09.02.2018 Бележки инв: П2018 Книги
Vip Innovations Ltd, Rousse, Bulgaria 2025